000 01281nam a2200325 i 4500
001 768714001
003 CO-MdFUSB
005 20240418125726.0
007 ta
008 240415t2019 ag |||| |||| 00| 0 spa d
020 _a97809507591587
040 _aCO-MdFUSB
_bspa
_cCO-MdFUSB
_dCO-MdFUSBC
_erda
041 _aspa
082 _223
_a268.432
_bIB12
100 _aIbarbalz, Jessica,
_eautor
245 1 _aCafé con maestros :
_bprincipios para enseñar eficazmente
_c/ Jessica Ibarbalz
250 _asegunda edición ampliada
264 1 _bPublicaciones Alianza,
_aBuenos Aires, Argentina :
_c[2019]
264 4 _c©2019
300 _a184 páginas
_c; 21 cm
336 _2rdacontent
_atexto
_btxt
337 _2rdamedia
_asin mediación
_bn
338 _2rdacarrier
_avolumen
_bnc
504 _aBibliografía páginas 183
505 _aMaestros que enseñan con pasión. -- Qué vamos a hacer. -- Cómo es una clase. -- Cómo aprenden los alumnos. -- Un maestro que impacta. -- Todo por escrito. -- El desafío de evangelizar a los niños. -- Ejemplos prácticos de cómo evangelizar niños. -- Los desafíos de ser maestro. -- Cómo seguir creciendo.
563 _aRústico
650 7 _aEducación cristiana de niños
_2embne
_97019
942 _cBK
945 _aJTF-925
999 _c69328
_d69328